| 000 | 00509nam a22001697a 4500 | ||
|---|---|---|---|
| 001 | 45654 | ||
| 003 | BD-DhUET | ||
| 008 | 260421b xxu||||| |||| 00| 0 eng d | ||
| 040 |
_c0 _dBD-DhUET |
||
| 100 | _aMashiur Rahman, MD. | ||
| 245 | _aDevelopment of a low-cost embedded data acquisition system for concrete RCP test | ||
| 260 |
_aDhaka _bInstitute of Information and Communication Technology, BUET _c2025 |
||
| 300 | _axii, 61p. | ||
| 501 | _aOne CD-ROM | ||
| 504 | _aIncludes bibliographies | ||
| 942 | _cTH | ||
| 999 |
_c45654 _d45654 |
||